[Event "SR 1. liga zapad 2011/2012"]
[Site "?"]
[Date "2012.03.03"]
[Round "10.3"]
[White "Gazikova, Veronika"]
[Black "Michalek, Matej"]
[Result "1/2-1/2"]
[WhiteElo "1897"]
[BlackElo "1810"]
[PlyCount "153"]
[EventDate "2011.??.??"]
[TimeControl "180"]

1. e4 e6 2. d4 d5 3. Nd2 Nf6 4. e5 Nfd7 5. Bd3 c5 6. c3 Nc6 7. Ne2 Be7 8. Nf3
a6 9. O-O b5 10. Ne1 Qb6 11. Be3 b4 12. Rc1 a5 13. f4 g6 14. Nf3 Ba6 15. Bf2
Rc8 16. Kh1 Na7 17. c4 Bb7 18. cxd5 Bxd5 19. dxc5 Bxc5 20. Bxc5 Rxc5 21. Bb1
O-O 22. Rxc5 Qxc5 23. Ng3 Qc6 24. Qd2 Rc8 25. Nd4 Qb7 26. Re1 Nc6 27. Be4 Nxd4
28. Qxd4 Bxe4 29. Nxe4 Qd5 30. Qa7 Kg7 31. Nd6 Rc2 32. Rg1 Qc6 33. h3 Rxb2 34.
Qxa5 Qb6 35. Qa8 Qb8 36. Qc6 Nb6 37. Qb5 Rxa2 38. Nc4 Nd7 39. Qxd7 b3 40. Nd2
Qb4 41. Nb1 Qxf4 42. Qb5 b2 43. Rf1 Qc1 44. Qd3 Ra5 45. Qf3 Qc7 46. Qf6+ Kg8
47. Qf2 Qb7 48. Qd4 Rd5 49. Qc3 Qb8 50. Re1 Qb6 51. Qc8+ Kg7 52. Qc3 Qf2 53.
Rg1 Rc5 54. Qe1 Qxe1 55. Rxe1 Rc1 56. Rg1 Kh6 57. g3 Kg5 58. Kg2 Rxg1+ 59. Kxg1
Kf5 60. Kf2 Kxe5 61. Ke3 Kd5 62. Kd3 f5 63. Nd2 h6 64. Kc3 b1=Q 65. Nxb1 Ke4
66. Nd2+ Ke3 67. Nc4+ Kf3 68. Ne5+ Kxg3 69. Nxg6 Kxh3 70. Nf4+ Kg3 71. Nxe6 h5
72. Ng7 Kg4 73. Kd3 f4 74. Nxh5 Kxh5 75. Ke2 Kg4 76. Kf2 f3 77. Kf1 1/2-1/2

[Event "SR 1. liga zapad 2011/2012"]
[Site "?"]
[Date "2012.03.03"]
[Round "10.3"]
[White "Gombar, Peter"]
[Black "Lakatos, Vladimir"]
[Result "1/2-1/2"]
[WhiteElo "2033"]
[BlackElo "2176"]
[PlyCount "74"]
[EventDate "2011.??.??"]
[TimeControl "180"]

1. e4 c5 2. Nf3 e6 3. d4 cxd4 4. Nxd4 a6 5. Bd3 Nf6 6. O-O Qc7 7. Nc3 b5 8. a3
Bb7 9. Kh1 Nc6 10. Nde2 Bc5 11. Bf4 Qb6 12. f3 Nh5 13. Bd2 Ne5 14. Nf4 Nxd3 15.
cxd3 Nf6 16. e5 Ng8 17. Nce2 f6 18. Bc3 fxe5 19. Bxe5 Nf6 20. b4 Bd6 21. d4 O-O
22. Rc1 Nd5 23. Nxd5 Bxd5 24. Ng3 Rac8 25. Bxd6 Rxc1 26. Qxc1 Qxd6 27. Qe3 Qf4
28. Qxf4 Rxf4 29. Ne2 Bc4 30. Nxf4 Bxf1 31. Kg1 Bc4 32. Kf2 Kf7 33. Ke3 d6 34.
g3 Ke7 35. Kd2 g6 36. Ke3 Kf6 37. Ng2 Bd5 1/2-1/2

[Event "SR 1. liga zapad 2011/2012"]
[Site "?"]
[Date "2012.03.03"]
[Round "10.3"]
[White "Hanko, Pavol"]
[Black "Obona, Jan"]
[Result "1/2-1/2"]
[WhiteElo "2138"]
[BlackElo "2151"]
[PlyCount "119"]
[EventDate "2011.??.??"]
[TimeControl "180"]

1. d4 d5 2. Nf3 c6 3. c4 e6 4. Nc3 dxc4 5. a4 Bb4 6. e3 b5 7. Bd2 a5 8. axb5
Bxc3 9. Bxc3 cxb5 10. b3 Bb7 11. bxc4 b4 12. Bb2 Nf6 13. Bd3 Nbd7 14. O-O O-O
15. c5 Bc6 16. Bc2 Qc7 17. Ba4 Rfc8 18. Nd2 Bxa4 19. Rxa4 Ra6 20. Qe2 Rca8 21.
Rfa1 Nd5 22. Nc4 f5 23. Nd6 N7f6 24. f3 Qc6 25. e4 fxe4 26. fxe4 Nc7 27. Bc1
Nce8 28. Nxe8 Nxe8 29. Bd2 Nf6 30. Bxb4 Nxe4 31. Rxa5 Rxa5 32. Rxa5 Rxa5 33.
Bxa5 Qd5 34. Qe3 h6 35. Bc7 Qb7 36. Bg3 Qb1+ 37. Be1 Qb7 38. h3 Qd5 39. Ba5 e5
40. dxe5 Qxc5 41. Qxc5 Nxc5 42. Bc3 Kf7 43. Bd4 Nd3 44. e6+ Kxe6 45. Bxg7 h5
46. Kf1 Kf5 47. Ke2 Ke4 48. Bc3 Nf4+ 49. Kf2 Nd3+ 50. Kg3 Nf4 51. Bd2 Ng6 52.
Bc3 Nf4 53. Ba5 Ng6 54. Bc7 Kf5 55. Bd6 Nh8 56. Kh4 Kg6 57. Be5 Nf7 58. Bb2 Nh6
59. Kg3 Kf5 60. Kf3 1/2-1/2

[Event "SR 1. liga zapad 2011/2012"]
[Site "?"]
[Date "2012.03.03"]
[Round "10.3"]
[White "Pecha, Tomas"]
[Black "Gazik, Igor"]
[Result "1/2-1/2"]
[WhiteElo "2239"]
[BlackElo "2328"]
[PlyCount "67"]
[EventDate "2011.??.??"]
[TimeControl "180"]

1. e4 Nf6 2. e5 Nd5 3. d4 d6 4. c4 Nb6 5. exd6 exd6 6. h3 Nc6 7. Nf3 Be7 8. Nc3
Bf6 9. Qe2+ Qe7 10. Qxe7+ Bxe7 11. Be3 Bf5 12. O-O-O O-O 13. Be2 Rfd8 14. d5
Ne5 15. Nd4 Bd7 16. b3 c5 17. Nc2 Re8 18. f4 Ng6 19. Bd3 f5 20. Rhg1 Bf6 21.
Kd2 Re7 22. g3 Rae8 23. Bf2 a6 24. Ne2 Nc8 25. Ne3 b5 26. Rge1 Nb6 27. Bxf5
Rxe3 28. Bxd7 Rxe2+ 29. Rxe2 Rxe2+ 30. Kxe2 Nxd7 31. Kd3 b4 32. Re1 Kf7 33. Ke4
a5 34. Re2 1/2-1/2

[Event "SR 1. liga zapad 2011/2012"]
[Site "?"]
[Date "2012.03.03"]
[Round "10.3"]
[White "Skrabakova, Katarina"]
[Black "Kaniansky, Miroslav"]
[Result "1/2-1/2"]
[WhiteElo "2047"]
[BlackElo "2199"]
[PlyCount "58"]
[EventDate "2011.??.??"]
[TimeControl "180"]

1. e4 e5 2. Nf3 Nc6 3. c3 Nf6 4. d4 Nxe4 5. d5 Nb8 6. Qe2 Nf6 7. Qxe5+ Be7 8.
Bd3 d6 9. Qd4 O-O 10. O-O c5 11. dxc6 Nxc6 12. Qa4 Ne5 13. Be2 Bd7 14. Qc2 Bc6
15. Nbd2 Nxf3+ 16. Bxf3 d5 17. Nb3 Re8 18. Be3 Ne4 19. Nd4 Bf6 20. Bxe4 Rxe4
21. Nf3 Qe7 22. Rad1 Re8 23. Bd4 Bxd4 24. Nxd4 Qg5 25. Qd2 Qe7 26. h3 h6 27.
Qc1 Qe5 28. Nf3 Qe7 29. Rfe1 Qf6 1/2-1/2

[Event "SR 1. liga zapad 2011/2012"]
[Site "?"]
[Date "2012.03.03"]
[Round "10.4"]
[White "Gorusa, Miroslav"]
[Black "Orgon, Dusan"]
[Result "1/2-1/2"]
[WhiteElo "2213"]
[BlackElo "2107"]
[PlyCount "86"]
[EventDate "2011.??.??"]

1. d4 f5 2. Nf3 Nf6 3. Bg5 e6 4. Nbd2 d5 5. e3 Bd6 6. Ne5 O-O 7. f4 Nbd7 8. Be2
Qe8 9. O-O Ne4 10. Nxe4 fxe4 11. Bh5 g6 12. Be2 Nxe5 13. fxe5 Be7 14. Bf4 Bd7
15. c4 c6 16. c5 b6 17. b4 a5 18. a3 Qd8 19. Qb1 axb4 20. axb4 b5 21. Rc1 Rxa1
22. Qxa1 Qa8 23. Qb2 Qb7 24. Ra1 Ra8 25. Ra2 Kg7 26. Qa1 Rxa2 27. Qxa2 Be8 28.
Bg4 Bf7 29. Qa5 h5 30. Bd1 Be8 31. Bg3 Kh6 32. h4 Qd7 33. Bf4+ Kg7 34. g3 Bd8
35. Qa8 Qc7 36. Kg2 Qd7 37. Kh3 Be7 38. Qa2 Bd8 39. g4 Qf7 40. gxh5 gxh5 41.
Qg2+ Qg6 42. Qg3 Qxg3+ 43. Kxg3 Kg6 1/2-1/2

[Event "SR 1. liga zapad 2011/2012"]
[Site "?"]
[Date "2012.03.03"]
[Round "10.4"]
[White "Kovacik, Emil"]
[Black "Banas, Jan"]
[Result "1/2-1/2"]
[WhiteElo "2222"]
[BlackElo "2318"]
[PlyCount "45"]
[EventDate "2011.??.??"]

1. e4 c5 2. Nc3 Nc6 3. Nge2 d6 4. d4 cxd4 5. Nxd4 Nf6 6. g3 e6 7. Bg2 Bd7 8.
O-O a6 9. Be3 Be7 10. Qe2 O-O 11. Rad1 Qc7 12. f4 b5 13. a3 Rac8 14. f5 Nxd4
15. Bxd4 e5 16. Be3 Qc4 17. Rd3 b4 18. b3 Qxc3 19. Rxc3 Rxc3 20. Bd2 Bb5 21.
Qd1 Bxf1 22. Kxf1 Rc6 23. axb4 1/2-1/2

[Event "SR 1. liga zapad 2011/2012"]
[Site "?"]
[Date "2012.03.03"]
[Round "10.4"]
[White "Martiska, Peter"]
[Black "Borik, Juraj"]
[Result "1/2-1/2"]
[WhiteElo "2281"]
[BlackElo "2198"]
[PlyCount "62"]
[EventDate "2011.??.??"]

1. d4 b5 2. c3 f5 3. Qd3 c5 4. Qxb5 e6 5. Nf3 Ba6 6. Qa4 Nf6 7. Bg5 Qb6 8. Qb3
Qc7 9. Bxf6 gxf6 10. Nbd2 d5 11. Qa4+ Kf7 12. e3 Bxf1 13. Kxf1 Nd7 14. g3 Rb8
15. Rb1 Bd6 16. Ke2 Rhg8 17. Rhc1 e5 18. c4 exd4 19. exd4 f4 20. cxd5 Rbe8+ 21.
Kf1 fxg3 22. hxg3 Bxg3 23. dxc5 Nxc5 24. Qc2 Bxf2 25. Qxh7+ Rg7 26. Qh5+ Kf8
27. Qh3 Qe7 28. Qh8+ Kf7 29. Qh5+ Kf8 30. Qh8+ Kf7 31. Qh5+ Kf8 1/2-1/2

[Event "SR 1. liga zapad 2011/2012"]
[Site "?"]
[Date "2012.03.03"]
[Round "10.4"]
[White "Ondrus, Martin"]
[Black "Bombek, Peter"]
[Result "0-1"]
[WhiteElo "2301"]
[BlackElo "2179"]
[PlyCount "70"]
[EventDate "2011.??.??"]

1. e4 e6 2. d4 d5 3. Nd2 c5 4. exd5 exd5 5. Ngf3 Nf6 6. Bb5+ Bd7 7. Bxd7+ Nbxd7
8. O-O Be7 9. dxc5 Nxc5 10. Nb3 Nce4 11. Nbd4 O-O 12. c3 Re8 13. Qb3 Qc7 14.
Be3 a6 15. h3 Bf8 16. Rfd1 b5 17. Qc2 Rec8 18. Rac1 Rab8 19. Ne1 g6 20. Nd3 Bd6
21. a4 Qd7 22. axb5 axb5 23. f3 Ng3 24. Bg5 Nfh5 25. Qd2 Re8 26. Nf4 Bc5 27.
Kf2 b4 28. Nxh5 Nxh5 29. cxb4 Bxb4 30. Qd3 Qd6 31. Kf1 Ng3+ 32. Kf2 Nh5 33. Kf1
Bc5 34. f4 Rxb2 35. Rc2 Bxd4 0-1

[Event "SR 1. liga zapad 2011/2012"]
[Site "?"]
[Date "2012.03.03"]
[Round "10.4"]
[White "Pinter, Patrik"]
[Black "Slotik, Igor"]
[Result "1-0"]
[WhiteElo "2185"]
[BlackElo "1968"]
[PlyCount "71"]
[EventDate "2011.??.??"]

1. e4 d5 2. exd5 Qxd5 3. Nc3 Qa5 4. d4 Nf6 5. Bc4 c6 6. Nge2 Bf5 7. Bd2 e6 8.
Nd5 Qd8 9. Nxf6+ Qxf6 10. Be3 Bd6 11. Bb3 Be4 12. O-O Nd7 13. f3 Bf5 14. Qd2
Qh4 15. g3 Qe7 16. Rad1 Nf6 17. Bf4 Bxf4 18. Nxf4 b5 19. Rfe1 O-O 20. g4 Nxg4
21. fxg4 Bxg4 22. Ne2 c5 23. c3 Rfd8 24. Qf4 h5 25. Rd2 c4 26. Bc2 Rac8 27. Ng3
g6 28. Be4 e5 29. dxe5 Rxd2 30. Qxd2 Qxe5 31. Bd5 Qc7 32. Qg5 Qc5+ 33. Kg2 Bf5
34. Re5 Kf8 35. Nxf5 gxf5 36. Qf6 1-0

[Event "SR 1. liga zapad 2011/2012"]
[Site "?"]
[Date "2012.03.03"]
[Round "10.4"]
[White "Podoba, Milan"]
[Black "Debnar, Lubos"]
[Result "1-0"]
[WhiteElo "2157"]
[BlackElo "2266"]
[PlyCount "57"]
[EventDate "2011.??.??"]

1. e4 c5 2. Nf3 d6 3. d4 cxd4 4. Nxd4 Nf6 5. Nc3 a6 6. Bc4 e6 7. O-O Be7 8. Qf3
O-O 9. Qg3 Qc7 10. Bb3 Nc6 11. Nxc6 Qxc6 12. Bh6 Ne8 13. Rad1 Kh8 14. Bf4 b5
15. Nd5 Bd8 16. Rfe1 Bb7 17. Nb4 Qc5 18. c3 Be7 19. Nd3 Qb6 20. e5 Rd8 21. Bc2
dxe5 22. Nxe5 Nf6 23. Bg5 g6 24. Bxf6+ Bxf6 25. Nd7 Rxd7 26. Rxd7 Qc6 27. Red1
Bh4 28. Qh3 Bf6 29. R1d6 1-0

[Event "SR 1. liga zapad 2011/2012"]
[Site "?"]
[Date "2012.03.03"]
[Round "10.4"]
[White "Pupak, Tomas"]
[Black "Skreno, Vladimir"]
[Result "0-1"]
[WhiteElo "1968"]
[BlackElo "2178"]
[PlyCount "92"]
[EventDate "2011.??.??"]

1. Nf3 Nf6 2. g3 g6 3. Bg2 Bg7 4. O-O O-O 5. c4 c6 6. Nc3 d5 7. cxd5 cxd5 8. d4
e6 9. Bf4 Nc6 10. Ne5 Nxe5 11. Bxe5 Bd7 12. Qd3 Qb6 13. Rab1 Rac8 14. Kh1 a6
15. f3 Rc4 16. b3 Rcc8 17. Rbc1 Qb4 18. Rc2 Rc6 19. Rfc1 Rfc8 20. e3 h5 21. h4
Qa3 22. Kh2 Kh7 23. Ne2 Rxc2 24. Rxc2 Bb5 25. Qd2 Rxc2 26. Qxc2 Bxe2 27. Qxe2
Qc1 28. Qd3 Nd7 29. Bxg7 Kxg7 30. e4 dxe4 31. fxe4 Nf6 32. Bf3 Qb2+ 33. Kh3
Qxa2 34. e5 Ng4 35. Bxg4 hxg4+ 36. Kxg4 Qf2 37. Qe4 b5 38. b4 Qd2 39. h5 Qd1+
40. Kf4 Qxh5 41. d5 exd5 42. Qxd5 Qf5+ 43. Ke3 Qg4 44. Qd6 Qxg3+ 45. Ke4 Qg4+
46. Kd5 Qc4# 0-1

[Event "SR 1. liga zapad 2011/2012"]
[Site "?"]
[Date "2012.03.03"]
[Round "10.4"]
[White "Srvatka, Igor"]
[Black "Petenyi, Tamas"]
[Result "0-1"]
[WhiteElo "2226"]
[BlackElo "2347"]
[PlyCount "114"]
[EventDate "2011.??.??"]

1. e4 e5 2. Nf3 Nc6 3. Bb5 a6 4. Bxc6 dxc6 5. O-O Qd6 6. d4 exd4 7. Nxd4 Bd7 8.
Be3 O-O-O 9. Qf3 Nf6 10. Nd2 Ng4 11. Qf4 Qg6 12. Qg5 Bd6 13. h3 Nxe3 14. Qxe3
Rhe8 15. f4 c5 16. N4f3 Bc6 17. Rae1 f6 18. Nh4 Qf7 19. b3 Qd7 20. Re2 g6 21.
Nhf3 Qg7 22. a4 h6 23. e5 g5 24. Qc3 f5 25. Qd3 Bxe5 26. Qxf5+ Bd7 27. Qxe5
Rxe5 28. Nxe5 gxf4 29. Rxf4 Bxh3 30. Ndc4 Qg3 31. Rf1 Be6 32. Nb2 Bd5 33. Nbd3
b6 34. a5 b5 35. Nxc5 Bxg2 36. Rxg2 Qxe5 37. Nd3 Qe3+ 38. Kh2 Rd5 39. Rg3 Rh5+
40. Kg2 Rg5 41. Rff3 Qd2+ 42. Rf2 Rxg3+ 43. Kxg3 Qxa5 44. Rf8+ Kd7 45. Rf7+ Ke8
46. b4 Qb6 47. Rf5 Qe3+ 48. Kh4 Qe4+ 49. Rf4 Qh1+ 50. Kg4 Qg2+ 51. Kf5 Qxc2 52.
Re4+ Kd7 53. Nc5+ Kd6 54. Nxa6 Kd5 55. Nc5 h5 56. Kf4 Qf2+ 57. Kg5 Qxc5 0-1

[Event "SR 1. liga zapad 2011/2012"]
[Site "?"]
[Date "2012.03.03"]
[Round "10.5"]
[White "Beres, Dominik"]
[Black "Kolcak, Marek"]
[Result "1/2-1/2"]
[WhiteElo "2107"]
[BlackElo "2145"]
[PlyCount "120"]
[EventDate "2011.??.??"]

1. e4 e6 2. d4 d5 3. Nd2 Nf6 4. e5 Nfd7 5. f4 c5 6. c3 Nc6 7. Ngf3 Be7 8. Be2
a5 9. a3 Qb6 10. Nf1 a4 11. Rb1 cxd4 12. Bd2 dxc3 13. bxc3 Qa7 14. Qc1 Bc5 15.
Ne3 Na5 16. Bd1 Nb3 17. Bxb3 axb3 18. Rxb3 Bxa3 19. Qc2 Nc5 20. Rb1 Bd7 21. O-O
Ne4 22. Ra1 Qb8 23. c4 Bc5 24. cxd5 exd5 25. Kh1 Rxa1 26. Rxa1 Bc6 27. Ng5 Bd4
28. Nxe4 dxe4 29. Rb1 Bxe3 30. Qxc6+ bxc6 31. Rxb8+ Kd7 32. Rxh8 Bxd2 33. Kg1
Bxf4 34. Rxh7 Bxe5 35. Kf2 f5 36. Ke3 Ke6 37. g4 g6 38. Rh6 Kf7 39. gxf5 gxf5
40. h4 c5 41. Rc6 Bf6 42. h5 Bg5+ 43. Ke2 f4 44. Rxc5 f3+ 45. Kf2 Bh4+ 46. Ke3
f2 47. Rf5+ Kg7 48. Kxe4 Kh6 49. Ke5 Bg3+ 50. Ke4 Bh4 51. Ke3 Bg5+ 52. Kxf2
Kxh5 53. Kg3 Kg6 54. Kg4 Be7 55. Rf1 Bd6 56. Rd1 Be5 57. Rb1 Kf6 58. Rb5 Ke7
59. Kf5 Bc7 60. Rc5 Kd7 1/2-1/2

[Event "SR 1. liga zapad 2011/2012"]
[Site "?"]
[Date "2012.03.03"]
[Round "10.5"]
[White "Beres, Lukas"]
[Black "Hudec, Jan"]
[Result "1-0"]
[WhiteElo "1902"]
[BlackElo "2009"]
[PlyCount "81"]
[EventDate "2011.??.??"]

1. e4 c5 2. Nf3 e6 3. d4 cxd4 4. Nxd4 a6 5. Be2 Nf6 6. Nd2 Qc7 7. O-O d5 8.
exd5 Nxd5 9. N2b3 Bd6 10. g3 O-O 11. Bf3 Nc6 12. Re1 Bd7 13. Bg5 Ne5 14. Be4 f5
15. Nxe6 Bxe6 16. Bxd5 Bxd5 17. Qxd5+ Kh8 18. c3 Nc4 19. Nd4 Qf7 20. Ne6 Rac8
21. b3 Rc5 22. Qd1 f4 23. Bxf4 Bxf4 24. Nxf4 Nb6 25. Qd4 Rc6 26. Re2 Nc8 27.
Rae1 Rd6 28. Qb4 b5 29. Qc5 h6 30. Re6 Rxe6 31. Rxe6 Kh7 32. Rc6 Ne7 33. Rc7
Re8 34. Qd4 Qf5 35. Kg2 Qg5 36. Ne6 Qd5+ 37. Qxd5 Nxd5 38. Rc6 Nxc3 39. Rxa6
Nxa2 40. Nxg7 Re2 41. Nf5 1-0

[Event "SR 1. liga zapad 2011/2012"]
[Site "?"]
[Date "2012.03.03"]
[Round "10.5"]
[White "Bezuch, Martin"]
[Black "Siroky, Jan"]
[Result "1-0"]
[WhiteElo "2210"]
[BlackElo "2166"]
[PlyCount "53"]
[EventDate "2011.??.??"]

1. e4 e6 2. d3 d5 3. Nd2 c5 4. Ngf3 Nc6 5. g3 g6 6. Bg2 Bg7 7. O-O Nge7 8. Re1
O-O 9. c3 b5 10. Nb3 c4 11. Nc5 b4 12. d4 Qa5 13. Bd2 bxc3 14. bxc3 Rb8 15. Qc1
Rd8 16. e5 Rb6 17. g4 Nb8 18. Bh6 Nd7 19. Qf4 Nc6 20. Bxg7 Kxg7 21. Ng5 Ndxe5
22. dxe5 Rf8 23. Re3 Qxc5 24. Qf6+ Kg8 25. Nxh7 Qe7 26. Rh3 Rd8 27. Qf4 1-0

[Event "SR 1. liga zapad 2011/2012"]
[Site "?"]
[Date "2012.03.03"]
[Round "10.5"]
[White "Cibulka, Vladimir"]
[Black "Petran, Peter"]
[Result "1/2-1/2"]
[WhiteElo "2278"]
[BlackElo "2297"]
[PlyCount "20"]
[EventDate "2011.??.??"]

1. d4 g6 2. e4 Bg7 3. c3 d6 4. Nf3 Nf6 5. Bd3 O-O 6. O-O Nbd7 7. h3 e5 8. Be3
Re8 9. Nbd2 c6 10. a4 Qc7 1/2-1/2

[Event "SR 1. liga zapad 2011/2012"]
[Site "?"]
[Date "2012.03.03"]
[Round "10.5"]
[White "Fabian, Jaroslav"]
[Black "Privara, Igor"]
[Result "1/2-1/2"]
[WhiteElo "2192"]
[BlackElo "2264"]
[PlyCount "38"]
[EventDate "2011.??.??"]

1. e4 c5 2. Nf3 Nc6 3. d4 cxd4 4. Nxd4 g6 5. Be3 Nf6 6. Nc3 Bg7 7. Be2 O-O 8.
O-O d5 9. exd5 Nb4 10. Nb3 Nbxd5 11. Nxd5 Nxd5 12. Bd4 Nf6 13. Bf3 Qc7 14. Qe2
Be6 15. Rfd1 Rfd8 16. Be5 Qb6 17. Bd4 Qc7 18. Be5 Qb6 19. Bd4 Qc7 1/2-1/2

[Event "SR 1. liga zapad 2011/2012"]
[Site "?"]
[Date "2012.03.03"]
[Round "10.5"]
[White "Ruckschloss, Karol"]
[Black "Berek, Geza"]
[Result "1-0"]
[WhiteElo "2290"]
[BlackElo "2186"]
[PlyCount "129"]
[EventDate "2011.??.??"]

1. c4 g6 2. d4 Bg7 3. Nc3 d6 4. e4 e5 5. d5 a5 6. h4 h5 7. Be2 Bh6 8. Nf3 Bxc1
9. Rxc1 Nf6 10. Ng5 Nh7 11. Nxh7 Rxh7 12. a3 Na6 13. Rb1 Bd7 14. b4 b6 15. Bd3
Kf8 16. Qe2 Bc8 17. g3 Kg8 18. Qe3 Qe7 19. f4 Nb8 20. f5 Nd7 21. O-O Ba6 22.
Rb2 Kh8 23. Rbf2 Rg8 24. f6 Qf8 25. Qg5 Qh6 26. Kg2 Rb8 27. Rb1 Ra8 28. Ne2 Kg8
29. Ng1 Qxg5 30. hxg5 Kf8 31. Nf3 Ke8 32. Bf1 Kd8 33. Rc2 Rh8 34. Kf2 Re8 35.
Bh3 Nb8 36. Ke3 axb4 37. axb4 Bc8 38. Bxc8 Ra3+ 39. Kf2 Kxc8 40. c5 bxc5 41.
bxc5 dxc5 42. Rxc5 Ra2+ 43. Kf1 Kd7 44. Rbc1 Ra7 45. R5c4 Kd6 46. Nd2 Kd7 47.
Rb4 c6 48. Rcb1 Na6 49. Ra4 cxd5 50. exd5 Kc7 51. Rba1 Rea8 52. Nc4 e4 53. Ke2
Kb7 54. Ke3 Kc7 55. Kd4 Kb7 56. Re1 Rd8 57. Rxe4 Nc7 58. Rxa7+ Kxa7 59. d6 Ne6+
60. Rxe6 fxe6 61. Ke5 Kb7 62. Kxe6 Re8+ 63. Kd7 Re2 64. f7 Rf2 65. Ne5 1-0

[Event "SR 1. liga zapad 2011/2012"]
[Site "?"]
[Date "2012.03.03"]
[Round "10.5"]
[White "Sulek, Viliam"]
[Black "Zahorsky, Robert"]
[Result "1/2-1/2"]
[WhiteElo "2135"]
[BlackElo "1996"]
[PlyCount "42"]
[EventDate "2011.??.??"]

1. e4 c6 2. d4 d5 3. exd5 cxd5 4. Bd3 Nf6 5. c3 Bg4 6. Qb3 Qb6 7. Qxb6 axb6 8.
Na3 e6 9. Nb5 Na6 10. Bf4 Kd7 11. f3 Bh5 12. Nh3 Be7 13. Kd2 Ne8 14. a4 f6 15.
Rhc1 g5 16. Bg3 Bg6 17. Bf1 Bd6 18. a5 Bxg3 19. hxg3 bxa5 20. Rxa5 Nec7 21. Nf2
h5 1/2-1/2

[Event "SR 1. liga zapad 2011/2012"]
[Site "?"]
[Date "2012.03.03"]
[Round "10.5"]
[White "Zetocha, Claudiu"]
[Black "Kalisky, Vladimir"]
[Result "1/2-1/2"]
[WhiteElo "2355"]
[BlackElo "2234"]
[PlyCount "114"]
[EventDate "2011.??.??"]

1. e4 e5 2. Nf3 Nc6 3. Bb5 Nf6 4. d3 Bc5 5. O-O Nd4 6. Nxd4 Bxd4 7. c3 Bb6 8.
d4 c6 9. dxe5 Nxe4 10. Bd3 Nc5 11. Bc2 Qh4 12. Nd2 O-O 13. Nf3 Qh5 14. Re1 Ne6
15. Re4 Bd8 16. g4 Qh3 17. Bd3 f5 18. Bf1 Qxf1+ 19. Qxf1 fxe4 20. Nd4 Nxd4 21.
cxd4 d5 22. exd6 Bxg4 23. Qc4+ Kh8 24. d5 cxd5 25. Qxd5 Bh4 26. Be3 Rad8 27.
Qxe4 Rxd6 28. h3 Bxf2+ 29. Bxf2 Bf3 30. Qe7 Rg6+ 31. Kf1 Rgf6 32. Bc5 R6f7 33.
Qe5 Bc6+ 34. Kg1 Re8 35. Qg3 Re6 36. Qb8+ Re8 37. Qg3 Re6 38. Qb8+ Re8 39. Qd6
Re2 40. Qd8+ Re8 41. Qd6 Re2 42. Qd8+ Re8 43. Qg5 Re6 44. Qd2 Kg8 45. Re1 Rg6+
46. Kh2 Rd7 47. Re8+ Kf7 48. Re2 Kg8 49. Qe3 Rd8 50. Bxa7 h6 51. Qb3+ Kh8 52.
Qc2 Rdd6 53. Bb8 Rdf6 54. Be5 Rf1 55. Qxg6 Rh1+ 56. Kg3 Rg1+ 57. Kf4 Rxg6
1/2-1/2

[Event "SR 1. liga zapad 2011/2012"]
[Site "?"]
[Date "2012.03.03"]
[Round "10.6"]
[White "Balogh, Peter"]
[Black "Dolnak, Michal"]
[Result "1/2-1/2"]
[WhiteElo "1955"]
[BlackElo "2098"]
[PlyCount "42"]
[EventDate "2011.??.??"]

1. e4 e6 2. d4 d5 3. Nc3 Nf6 4. Bg5 Be7 5. e5 Nfd7 6. h4 Nc6 7. Qg4 Bxg5 8.
hxg5 Qe7 9. O-O-O Nf8 10. Nh3 Ng6 11. Nf4 Bd7 12. Bd3 O-O-O 13. Rh3 Nb4 14.
Rdh1 Nxf4 15. Qxf4 c5 16. dxc5 Qxc5 17. a3 Nxd3+ 18. Rxd3 Kb8 19. Qd4 Qe7 20.
Qf4 Bc6 21. Ne2 Bb5 1/2-1/2

[Event "SR 1. liga zapad 2011/2012"]
[Site "?"]
[Date "2012.03.03"]
[Round "10.6"]
[White "Djubek, Boris"]
[Black "Edes, Zsofia"]
[Result "1-0"]
[WhiteElo "2172"]
[BlackElo "1989"]
[PlyCount "131"]
[EventDate "2011.??.??"]

1. d4 d5 2. Nf3 e6 3. Bg5 Be7 4. Bxe7 Qxe7 5. Nbd2 Nf6 6. e3 Nbd7 7. c4 O-O 8.
Qc2 e5 9. cxd5 Nxd5 10. Bc4 Nb4 11. Qc3 exd4 12. Nxd4 Ne5 13. Be2 c5 14. N4f3
Ng4 15. O-O Nd5 16. Qa3 b6 17. Rac1 Kh8 18. Rfd1 Bb7 19. h3 Nh6 20. Ba6 Bc6 21.
Bc4 Rad8 22. Qb3 f5 23. a3 Nc7 24. Qc3 Nf7 25. Bxf7 Rxf7 26. Ne5 Rf6 27. Nxc6
Rxc6 28. Nc4 Re8 29. Qd3 Qe6 30. Nd6 Rf8 31. Nxf5 c4 32. Qc2 Rc5 33. Nd4 Qe5
34. Qe2 b5 35. Nf3 Qe6 36. Rd4 h6 37. Rcd1 Ne8 38. Qc2 Nf6 39. Rd8 Rc8 40.
Rxf8+ Rxf8 41. Qg6 a5 42. Nh4 b4 43. Nf5 Qf7 44. Qxf7 Rxf7 45. Rd8+ Kh7 46.
axb4 axb4 47. Rc8 c3 48. bxc3 Nd5 49. Nd4 Nxc3 50. Rb8 Na2 51. Nc6 Nc3 52. Rxb4
Nd1 53. Rf4 Rxf4 54. exf4 Nc3 55. f5 Kg8 56. f3 Kf7 57. Kf2 Nb5 58. Ke3 Kf6 59.
Kf4 Nc3 60. g4 Ne2+ 61. Ke3 Ng1 62. h4 Nh3 63. Nb4 h5 64. Nd3 g6 65. fxg6 Kxg6
66. Nf4+ 1-0

[Event "SR 1. liga zapad 2011/2012"]
[Site "?"]
[Date "2012.03.03"]
[Round "10.6"]
[White "Havlicek, Libor"]
[Black "Bagi, Mate"]
[Result "1/2-1/2"]
[WhiteElo "2304"]
[BlackElo "2309"]
[PlyCount "154"]
[EventDate "2011.??.??"]

1. d4 Nf6 2. Nf3 g6 3. g3 Bg7 4. Bg2 d5 5. O-O O-O 6. c4 dxc4 7. Qa4 Nfd7 8.
Qxc4 Nb6 9. Qc2 Nc6 10. e3 Bf5 11. e4 Bg4 12. d5 Bxf3 13. dxc6 Bxg2 14. Kxg2
bxc6 15. Rd1 Qe8 16. a4 f5 17. a5 Nc8 18. Qc4+ Qf7 19. Qxc6 fxe4 20. Bf4 Nd6
21. Nd2 Bxb2 22. Rab1 Bg7 23. Nxe4 e5 24. Ng5 Qe7 25. Bc1 Qf6 26. Be3 Nf5 27.
Qxf6 Nxe3+ 28. fxe3 Bxf6 29. Ne6 Rf7 30. Rb7 c6 31. Rdd7 Rxd7 32. Rxd7 Re8 33.
Nc5 Re7 34. Rd8+ Kf7 35. Rc8 e4 36. Rxc6 Bc3 37. a6 Ba5 38. Nb7 Bd2 39. Kf2 Bb4
40. Rc4 Ba3 41. Ra4 Bc1 42. Nc5 Rc7 43. Nxe4 Ke7 44. Kf3 Rc6 45. h4 h5 46. Ra5
Kd7 47. Nc5+ Kc7 48. Nd3 Bd2 49. Ra2 Bc3 50. e4 Bf6 51. Kf4 Bd8 52. e5 Rc4+ 53.
Ke3 g5 54. hxg5 Bxg5+ 55. Kf3 Kb6 56. Rh2 h4 57. gxh4 Bxh4 58. Ra2 Be7 59. Nf4
Bc5 60. Nd5+ Kc6 61. Nf6 Bd4 62. Ke4 Bc3+ 63. Kd3 Rc5 64. Ne4 Rxe5 65. Nxc3 Kb6
66. Kc4 Ra5 67. Nd5+ Kxa6 68. Rb2 Ra4+ 69. Kc5 Ra5+ 70. Kc6 Ra1 71. Nc3 Ka5 72.
Ne4 Ka4 73. Nc5+ Ka3 74. Rb3+ Ka2 75. Rb5 Rb1 76. Ra5+ Kb2 77. Rxa7 Kc3 1/2-1/2

[Event "SR 1. liga zapad 2011/2012"]
[Site "?"]
[Date "2012.03.03"]
[Round "10.6"]
[White "Kubala, Jan"]
[Black "Janko, Zoltan"]
[Result "1-0"]
[WhiteElo "2240"]
[BlackElo "2287"]
[PlyCount "73"]
[EventDate "2011.??.??"]

1. e4 c5 2. Nf3 Nc6 3. d4 cxd4 4. Nxd4 Nf6 5. Nc3 e5 6. Ndb5 d6 7. Bg5 a6 8.
Na3 b5 9. Nd5 Be7 10. Bxf6 Bxf6 11. c3 O-O 12. Nc2 Rb8 13. Bd3 Be6 14. Nce3 Bg5
15. O-O Ne7 16. Bc2 a5 17. Qd3 g6 18. Kh1 Bxe3 19. Nxe3 d5 20. Rad1 dxe4 21.
Qxe4 Qc7 22. Bb3 Bxb3 23. axb3 Rfd8 24. Ng4 Rxd1 25. Rxd1 Rd8 26. Rxd8+ Qxd8
27. h3 f5 28. Nf6+ Kf7 29. Qxe5 h6 30. c4 Qd1+ 31. Kh2 Qxb3 32. Nd5 Nxd5 33.
cxd5 Qb4 34. Qc7+ Kf6 35. d6 Qf4+ 36. Kg1 Ke6 37. Qc8+ 1-0

[Event "SR 1. liga zapad 2011/2012"]
[Site "?"]
[Date "2012.03.03"]
[Round "10.6"]
[White "Kukel, Imre 1985"]
[Black "Castiglione, Mario"]
[Result "1-0"]
[WhiteElo "2305"]
[BlackElo "2282"]
[PlyCount "141"]
[EventDate "2011.??.??"]

1. e4 e5 2. Nf3 Nc6 3. Bb5 a6 4. Ba4 Nf6 5. O-O Be7 6. Re1 b5 7. Bb3 d6 8. c3
O-O 9. h3 Na5 10. Bc2 d5 11. d4 Nxe4 12. Nxe5 Bd6 13. Nd2 Nxd2 14. Qxd2 Qh4 15.
b3 f6 16. Nf3 Qh5 17. Bd1 Qf7 18. a4 Bd7 19. c4 Nc6 20. c5 Be7 21. Qf4 Rac8 22.
axb5 axb5 23. Be2 Nd8 24. Bd3 Re8 25. Ra7 Ne6 26. Qf5 Nf8 27. Qf4 Ne6 28. Qd2
Nf8 29. Qa5 Bd8 30. Be3 c6 31. Qa6 Bc7 32. Ra1 Qh5 33. Be2 Bxh3 34. gxh3 Qxh3
35. Rxc7 Rxc7 36. Qb6 Rcc8 37. Ra7 Re4 38. Ne1 Rxe3 39. fxe3 Qxe3+ 40. Kf1 Re8
41. Ra2 Re6 42. Qc7 f5 43. Nf3 h6 44. Ne5 Qf4+ 45. Ke1 Qh4+ 46. Kf1 Qh1+ 47.
Kf2 Qh2+ 48. Ke3 Qg1+ 49. Kd3 Qb1+ 50. Rc2 Qxb3+ 51. Kd2 Qb4+ 52. Kd3 Kh7 53.
Bh5 Qb3+ 54. Kd2 Qg3 55. Bf7 Qf4+ 56. Ke1 Qh4+ 57. Rf2 Re7 58. Qd6 Qf6 59. Rxf5
Qxf5 60. Qxe7 Qe4+ 61. Kf1 Qf4+ 62. Ke2 Qe4+ 63. Kd2 Qxd4+ 64. Nd3 h5 65. Qxf8
h4 66. Qg8+ Kh6 67. Qh8+ Kg5 68. Qh5+ Kf6 69. Qg6+ Ke7 70. Qe6+ Kd8 71. Qd6+
1-0